Statistics for Guess the Taylor Swift Song (no hints) 104

Click here to take the quiz!

General Stats

  • This quiz has been taken 37 times
  • The average score is 272 of 336

Answer Stats

Answer% Correct
I
100%
a
97%
and
97%
And
97%
me
97%
we
97%
We
97%
in
94%
Like
94%
like
94%
the
94%
when
94%
you
94%
You
94%
be
91%
do,
91%
do
91%
for
91%
He
91%
he
91%
I'm
91%
it
91%
love
91%
on
91%
to
91%
who
91%
always
88%
But
88%
did
88%
how
88%
Is
88%
is
88%
it's
88%
said
88%
this
88%
why
88%
your
88%
all
85%
does
85%
don't
85%
I've
85%
know
85%
my
85%
That
85%
that
85%
time
85%
As
82%
as
82%
been
82%
ever
82%
head
82%
one
82%
think
82%
up
82%
about
79%
didn't
79%
get
79%
off
79%
again
76%
back
76%
'cause
76%
'Cause
76%
first
76%
never
76%
out
76%
begin
74%
got
74%
had
74%
here
74%
cafe
71%
every
71%
heels
71%
high
71%
him
71%
last
71%
song
71%
Thinking
71%
want
71%
watched
71%
Wednesday
71%
wore
71%
you'd
71%
break
68%
down
68%
laughing
68%
mirror
68%
nice
68%
talk
68%
throw
68%
burn,
65%
eight
65%
funny,
65%
girl
65%
kid
65%
little
65%
months
65%
put
65%
spending
65%
strange
65%
Took
65%
car
62%
early
62%
end
62%
headphones
62%
many
62%
met
62%
breath
59%
chair
59%
coming
59%
deep
59%
James
59%
late
59%
past
59%
records
59%
shy
59%
start
59%
walk
59%
Walked
59%
walked
59%
almost
56%
brought
56%
Christmas
56%
family
56%
movies
56%
single
56%
stand
56%
Taylor
56%
watches
56%
What's
56%
block,
53%
expecting
53%
help
53%
pull
53%
tell
53%
Turn
53%
lock
50%
wave
50%
stories
47%

Score Distribution

Percentile by Number Answered

Percent of People with Each Score

Your Score History

You have not taken this quiz